La condición humana / (Record no. 10742)

MARC details
000 -CABECERA
campo de control de longitud fija 00579nam a2200193 a 4500
005 - FECHA Y HORA DE LA ÚLTIMA TRANSACCIÓN
campo de control 20240501063659.0
008 - ELEMENTOS DE LONGITUD FIJA--INFORMACIÓN GENERAL
campo de control de longitud fija 991125s1970 bar 000 0 spa u
020 ## - NÚMERO INTERNACIONAL NORMALIZADO PARA LIBROS
Número Internacional Estándar del Libro 8435000249
035 ## - NÚMERO DE CONTROL DEL SISTEMA
Número de control de sistema UPN01000010742
049 ## - COLECCIÓN
Colección CG
050 #4 - SIGNATURA TOPOGRÁFICA DE LA BIBLIOTECA DEL CONGRESO
Número de clasificación PQ2625 A70
Número de documento/Ítem C6.38a
100 1# - ASIENTO PRINCIPAL--NOMBRE PERSONAL
Nombre de persona Malraux, André,
Fechas asociadas al nombre 1901-1976
245 13 - MENCIÓN DE TÍTULO
Título La condición humana /
Mención de responsabilidad, etc. André Malraux ; tr. César A. Comet.
260 ## - PUBLICACIÓN, DISTRIBUCIÓN, ETC.
Lugar de publicación, distribución, etc. Barcelona, Esp. :
Nombre del editor, distribuidor, etc. EDHASA,
Fecha de publicación, distribución, etc. 1970.
300 ## - DESCRIPCIÓN FÍSICA
Extensión 292 p.
650 #4 - ASIENTO SECUNDARIO DE MATERIA - TERMINO TEMATICO
Término de materia o nombre geográfico como elemento de entrada Novela francesa
9 (RLIN) 8238
651 #4 - ASIENTO SECUNDARIO DE MATERIA - NOMBRE GEOGRAFICO
Nombre geográfico CHINA -
Subdivisión general HISTORIA -
Subdivisión cronológica REPUBLICA, 1912-1949 -
Subdivisión de forma NOVELA
9 (RLIN) 11872
905 ## - TIPO DE MATERIAL
Tipo de material Libro
Holdings
Estado de retiro Estado de pérdida Fuente del sistema de clasificación o colocación Estado dañado No para préstamo Código de colección Localización permanente Ubicación/localización actual Ubicación en estantería Total de préstamos Clasificación Código de barras Fecha visto por última vez Número de copia Tipo de ítem Koha
    Library of Congress Classification     Colección General Bib. Gregorio Torres Quintero Bib. Gregorio Torres Quintero Planta baja   PQ2625 A70 C6.38a 66807 31/12/2020 1 Libro